| 000 | 00583nam a22001577a 4500 | ||
|---|---|---|---|
| 999 |
_c535526 _d535526 |
||
| 020 | _qHard Cover. | ||
| 082 | _a620.0011 | ||
| 100 | _aNawaz, Muddasar | ||
| 245 |
_aPerformance evaluation of Tarbela power station for improving operational efficiency and reliability using modern techniques / _cMuddasar Nawaz. |
||
| 260 |
_aIslamabad: _bUSPCASE NUST, _c2016. |
||
| 300 |
_a106 p. : _bill. ; _c30cm. |
||
| 942 |
_2ddc _cTHE |
||
| 650 |
_aEnergy System Engineering MS-Thesis. _928868 |
||
| 700 |
_aDr. Muhammad Bilal Khan _919368 |
||